Normal view
MARC view
- Cuentos mexicanos
Entry Materia
001 - NÚMERO DE CONTROL DEL REGISTRO
- campo de control: 50982
003 - IDENTIFICADOR DE NUMERO DE CONTROL
- campo de control: MX-MxUPN
005 - FECHA Y HORA DE LA ÚLTIMA TRANSACCIÓN
- campo de control: 20240209085406.0
008 - DATOS DE LONGITUD FIJA
- campo de control de longitud fija: 240209nn fnnnnbabc n ana d
040 ## - FUENTE DE LA CATALOGACIÓN
- Centro catalogador de origen: MX-MxUPN
- Lengua de catalogación: spa
150 ## - ENCABEZAMIENTO - TEMÁTICO
- Término de materia o nombre geográfico como elemento inicial: Cuentos mexicanos
- Subdivisión geográfica: Siglo XXI
670 ## - FUENTE EN LA QUE SE LOCALIZARON DATOS
- Cita de la fuente: Autoridades BGTQ, 9 de febrero 2024 :
- Información localizada: (Cuentos mexicanos -- Siglo XX) subdivisión cronológica (Siglo XXI)
902 ## - CATALOGADOR
- Catalogador: VíctorGodínez/090224
